| 000 | 00970nam a2200229Ii 4500 | ||
|---|---|---|---|
| 003 | JO-AjNU | ||
| 008 | 230605s9999||||xx |||||||||||||| ||und|| | ||
| 017 | _a2019/7/3512 | ||
| 020 | _a978-9957-66-161-8 | ||
| 040 |
_aJO-AjNU _bara _erda _cJO-AjNU |
||
| 041 | _aara | ||
| 050 | 1 | 4 | _aPJ6071.S2922 2020 |
| 100 | 3 |
_aالسيد، عبد الحميد مصطفى, _eauthor _960696 |
|
| 245 | 0 | 0 | _aدراسات في اللسانيات العربية: بنية الجملة العربية، التراكيب النحوية والتداولية، علم النحو وعلم المعاني |
| 250 | _aط1 | ||
| 264 | 3 | 1 | _aعمان: دار ومكتبة الحامد للنشر والتوزيع، 2020 |
| 300 | _a196ص | ||
| 336 |
_atext _btxt _2rdacontent |
||
| 337 |
_aunmediated _bn _2rdamedia |
||
| 338 |
_avolume _bnc _2rdacarrier |
||
| 650 | 4 |
_aاللسانيات العربية-التحليل اللغوي-الابحاث اللغوية-اللغة العربية _960697 |
|
| 999 |
_aA27384 _c30952 _d30952 |
||